Kỹ thuật Thực phẩm - Nguyên liệu trong CNTP
Uloženo v:
| Médium: | Kniha |
|---|---|
| Jazyk: | Undetermined |
| Vydáno: |
Paris
1996
|
| Témata: | |
| Tagy: |
Přidat tag
Žádné tagy, Buďte první, kdo otaguje tento záznam!
|
| Thư viện lưu trữ: | Trung tâm Học liệu Trường Đại học Cần Thơ |
|---|
| LEADER | 00438nam a2200145Ia 4500 | ||
|---|---|---|---|
| 001 | CTU_23448 | ||
| 008 | 210402s9999 xx 000 0 und d | ||
| 082 | |a 676.0283 | ||
| 082 | |b M425 | ||
| 245 | 0 | |a Kỹ thuật Thực phẩm - Nguyên liệu trong CNTP | |
| 260 | |b Paris | ||
| 260 | |c 1996 | ||
| 650 | |a food technology - industrial material | ||
| 904 | |i Sáng, 980421 | ||
| 980 | |a Trung tâm Học liệu Trường Đại học Cần Thơ | ||